000 00342pam a2200157a 44500
008 230515b1976 xxu||||| |||| 00| 0 eng d
020 _aNULL
041 _aENGLISH
082 _a630
100 _a1449-1976
245 _aMETHODS OF SAMPLING MANGANESE ORE
250 _a0
260 _aDELHI
_bISI
_c1976
300 _a17
650 _aNULL
999 _c651816
_d651816